MARC details
| 000 -CABECERA |
| campo de control de longitud fija |
04228nam a2200529Ia 4500 |
| 001 - NÚMERO DE CONTROL |
| campo de control |
dia_6356 |
| 003 - IDENTIFICADOR DEL NÚMERO DE CONTROL |
| campo de control |
CHAP |
| 005 - FECHA Y HORA DE LA ÚLTIMA TRANSACCIÓN |
| campo de control |
20240807114332.0 |
| 007 - CAMPO FIJO DE DESCRIPCIÓN FÍSICA--INFORMACIÓN GENERAL |
| campo de control de longitud fija |
ta |
| 008 - DATOS DE LONGITUD FIJA--INFORMACIÓN GENERAL |
| campo de control de longitud fija |
220117s2016 mx ado frm 001 0 spa d |
| 010 ## - NÚMERO DE CONTROL DE LA BIBLIOTECA DEL CONGRESO |
| Número de control de LC |
177782 |
| 040 ## - FUENTE DE LA CATALOGACIÓN |
| Centro/agencia transcriptor |
CHAP |
| Centro catalogador/agencia de origen |
mxchpua |
| 041 0# - CÓDIGO DE LENGUA |
| Código de lengua del texto/banda sonora o título independiente |
spa |
| Código de lengua del sumario o resumen |
eng |
| 090 ## - LOCALMENTE ASIGNADO TIPO-LC NÚMERO DE CLASIFICACIÓN (OCLC); NÚMERO DE CLASIFICACIÓN LOCAL (RLIN) |
| Número de clasificación (OCLC) (R) ; Numero de clasificación, CALL (RLIN) (NR) |
Tesis |
| Número cutter local (OCLC) ; Número de libro/Signatura topográfica íntegra, CALL (RLIN) |
C67 |
| año |
2016 |
| 100 1# - ENTRADA PRINCIPAL--NOMBRE DE PERSONA |
| Nombre de persona |
Córdova Hernández, Rocio de la Aurora |
| 245 10 - MENCIÓN DE TÍTULO |
| Título |
Fermentación alcohólica de cuatro variedades de vid (Vitis vinífera L.) por Saccharomyces cerevisiae H., para la producción de vino tinto, en una vinícola del Valle Guadalupe, Ensenada, Baja California, Méx. / |
| Mención de responsabilidad, etc. |
Rocio de la Aurora Córdova Hernández |
| 264 ## - PRODUCCIÓN, PUBLICACIÓN, DISTRIBUCIÓN, FABRICACIÓN Y COPYRIGHT |
| Producción, publicación, distribución, fabricación y copyright |
Chapingo, México : |
| Nombre del de productor, editor, distribuidor, fabricante |
El autor, |
| Fecha de producción, publicación, distribución, fabricación o copyright |
2016 |
| 300 ## - DESCRIPCIÓN FÍSICA |
| Extensión |
xii, 113 hojas : |
| Otras características físicas |
ilustraciones, gráficas, diagramas, tablas, fotos + |
| Material acompañante/anejo |
1 CD-ROM |
| 336 ## - TIPO DE CONTENIDO |
| Fuente |
rdacontent |
| Término de tipo de contenido |
texto |
| Código de tipo de contenido |
txt |
| 337 ## - TIPO DE MEDIO |
| Fuente |
rdamedia |
| Nombre/término del tipo de medio |
no mediado |
| Código del tipo de medio |
n |
| 338 ## - TIPO DE SOPORTE |
| Fuente |
rdacarrier |
| Nombre/término del tipo de soporte |
volumen |
| Código del tipo de soporte |
nc |
| 500 ## - NOTA GENERAL |
| Nota general |
El CD contiene reporte |
| 502 ## - NOTA DE TESIS |
| Nota de tesis |
Tesis |
| Tipo de título |
(Ingeniero Agroindustrial) -- |
| Nombre de la institución que otorga el título |
UACh. Departamento de Ingeniería Agroindustrial, |
| Año de obtención del título |
2016 |
| 504 ## - NOTA DE BIBLIOGRAFÍA, ETC. |
| Nota de bibliografía, etc. |
Bibliografía: hojas 94-97 |
| 520 3# - SUMARIO, ETC. |
| Sumario, etc. |
La siguiente metodología, se desarrolló en la Vinícola Torres Alegre y Familia, ubicada en Valle Guadalupe, Ensenada, Baja California. Bajo la supervisión del Dr. Víctor Manuel Torres Alegre, Enólogo de la boutique. Durante un periodo de aproximadamente seis meses, se llevó a cabo una investigación sobre el comportamiento de la levadura Saccharomyces cerevisiae en cuatro varietales de vino tinto joven, mediante un análisis de comparación de la cinética de fermentación, utilizando de los siguientes parámetros: Temperatura, densidad y ºBrix, valorando estos datos todo el trascurso de la fermentación alcohólica. Se utilizaron métodos muy sencillos; para valorar la temperatura se registro directamente del tanque de fermentación, debido a que estaba integrado un termómetro expresando la temperatura en ºC, para la densidad se utilizó un densímetro y una probeta, y en el caso de ºBrix un refractómetro. Al final de la fermentación alcohólica, se realizaron cinco análisis físico-químicos: determinación cualitativa de acido málico (método cromatografía de papel), SO2 libre y total, determinación de % de alcohol, acidez total y pH (método potenciométrico). -- |
| 520 3# - SUMARIO, ETC. |
| Sumario, etc. |
The following methodology was developed in the vinous Torres Alegre y Familia, located in Guadalupe Valley, Ensenada, Baja California. Under the supervision of Dr. Victor Manuel Torres Alegre, Winemaker is the boutique. Over a period of about six months, it was carried out an investigation into the behavior of the yeast Saccharomyces cerevisiae in four varietals young red wine, evaluating this behavior through a comparison by fermentation kinetics using the following parameters: temperature, density and ºBrix, evaluating this data throughout the course of the alcoholic fermentation. Very simple methods were used; assessing the temperature was directly record the fermentation tank, because a thermometer was composed expressing the temperature in °C, for a hydrometer density and a test piece was XII used, and in the case of a refractometer ºBrix. Qualitative determination of malic acid, free and total SO2, determination of % alcohol, total acidity and pH. |
| 650 13 - PUNTO DE ACCESO ADICIONAL DE MATERIA--TÉRMINO DE MATERIA |
| Término de materia o nombre geográfico como elemento de entrada |
Alcoholic fermentation |
| Fuente del encabezamiento o término |
atg |
| 650 13 - PUNTO DE ACCESO ADICIONAL DE MATERIA--TÉRMINO DE MATERIA |
| Término de materia o nombre geográfico como elemento de entrada |
Brewers yeast |
| Fuente del encabezamiento o término |
atg |
| 650 13 - PUNTO DE ACCESO ADICIONAL DE MATERIA--TÉRMINO DE MATERIA |
| Término de materia o nombre geográfico como elemento de entrada |
Fermentación alcohólica |
| Fuente del encabezamiento o término |
atg |
| 650 13 - PUNTO DE ACCESO ADICIONAL DE MATERIA--TÉRMINO DE MATERIA |
| Término de materia o nombre geográfico como elemento de entrada |
Industria del vino |
| Subdivisión geográfica |
México |
| -- |
Baja California |
| Fuente del encabezamiento o término |
atg |
| 650 13 - PUNTO DE ACCESO ADICIONAL DE MATERIA--TÉRMINO DE MATERIA |
| Término de materia o nombre geográfico como elemento de entrada |
Levadura cervecera |
| Fuente del encabezamiento o término |
atg |
| 650 13 - PUNTO DE ACCESO ADICIONAL DE MATERIA--TÉRMINO DE MATERIA |
| Término de materia o nombre geográfico como elemento de entrada |
Levaduras del vino |
| Fuente del encabezamiento o término |
atg |
| 650 13 - PUNTO DE ACCESO ADICIONAL DE MATERIA--TÉRMINO DE MATERIA |
| Término de materia o nombre geográfico como elemento de entrada |
Uvas de vino |
| Subdivisión general |
Variedades |
| Fuente del encabezamiento o término |
atg |
| 650 13 - PUNTO DE ACCESO ADICIONAL DE MATERIA--TÉRMINO DE MATERIA |
| Término de materia o nombre geográfico como elemento de entrada |
Wine grapes |
| Subdivisión general |
Varieties |
| Fuente del encabezamiento o término |
atg |
| 650 13 - PUNTO DE ACCESO ADICIONAL DE MATERIA--TÉRMINO DE MATERIA |
| Término de materia o nombre geográfico como elemento de entrada |
Wine industry |
| Subdivisión geográfica |
Mexico |
| -- |
Baja California |
| Fuente del encabezamiento o término |
atg |
| 650 13 - PUNTO DE ACCESO ADICIONAL DE MATERIA--TÉRMINO DE MATERIA |
| Término de materia o nombre geográfico como elemento de entrada |
Wine yeasts |
| Fuente del encabezamiento o término |
atg |
| 700 1# - PUNTO DE ACCESO ADICIONAL--NOMBRE DE PERSONA |
| Nombre de persona |
Leyva Ruelas, Gabriel |
| Término indicativo de función/relación |
director |
| 700 1# - PUNTO DE ACCESO ADICIONAL--NOMBRE DE PERSONA |
| Nombre de persona |
Martínez Romero, Salvador |
| Término indicativo de función/relación |
asesor |
| 700 1# - PUNTO DE ACCESO ADICIONAL--NOMBRE DE PERSONA |
| Nombre de persona |
Rivera Salvador, Víctor |
| Término indicativo de función/relación |
asesor |
| 856 41 - LOCALIZACIÓN Y ACCESO ELECTRÓNICOS |
| Identificador Uniforme del Recurso |
<a href="http://10.13.5.2/tesis/sist112804.pdf">http://10.13.5.2/tesis/sist112804.pdf</a> |
| Texto de enlace |
DESCARGAR PDF |
| 901 ## - ELEMENTOS DE DATOS A LOCAL LDA (RLIN) |
| a |
TESIS C67 2016 |
| 942 ## - ELEMENTOS DE PUNTO DE ACCESO ADICIONAL (KOHA) |
| Tipo de ítem Koha |
TESIS |
| Fuente del sistema de clasificación o colocación |
Clasificación Universidad Autónoma Chapingo |
| 902 ## - ELEMENTOS DE DATOS B LOCAL, LDB (RLIN) |
| a |
M |
| 905 ## - ELEMENTOS DE DATOS E LOCAL, LDE (RLIN) |
| a |
5232272016 mx dnml8223123322spa16 |